Kód EAN - aplikace v ČSSR

Enregistré dans:
Détails bibliographiques
Auteur principal: Radníková, Kristína
Format: Livre
Langue:tchèque
Publié: Praha Československá obchodní a průmyslová komora 1987
Collection:Otázky obchodní techniky
Tags: Ajouter un tag
Pas de tags, Soyez le premier à ajouter un tag!

MARC

LEADER 00000nam a2200000 4500
001 c028995
005 20250515081230.4
041 0 |a cze 
044 |a CZ 
245 1 0 |a Kód EAN - aplikace v ČSSR  |c Kristína Radníková a kol. 
264 1 |a Praha  |b Československá obchodní a průmyslová komora  |c 1987 
300 |a 70 s. 
490 1 |a Otázky obchodní techniky 
830 0 |a Otázky obchodní techniky 
100 1 |a Radníková, Kristína